000 00588nam a2200229Ia 4500
003 OSt
005 20221005122212.0
006 a|||||r|||| 00| 0
007 ta
008 221004b |||||||| |||| 00| 0 eng d
024 _a30243
037 _cTextual
040 _aCRL
_cCRL
_beng
041 _2eng
_aeng
082 _aM:A0Y1, H8
100 _aHatfield H. Stafford
_9631629
245 0 _aInventor and his world (Pelican Books)
260 _c1948
650 _aINDUSTRIAL ARTS
942 _hM:A0Y1, H8
_cTEXL
_2cc
999 _c1043578
_d1043578